| 000 | 00708nam a2200241Ia 4500 | ||
|---|---|---|---|
| 003 | OSt | ||
| 005 | 20221005115441.0 | ||
| 006 | a|||||r|||| 00| 0 | ||
| 007 | ta | ||
| 008 | 221004b |||||||| |||| 00| 0 eng d | ||
| 024 | _a69750 | ||
| 037 | _cTextual | ||
| 040 |
_aCRL _cCRL _beng |
||
| 041 |
_2eng _aeng |
||
| 082 | _aX9.2.N6, K9 | ||
| 110 |
_aEconomic and Scientific Research Foundation(New Delhi). _9627566 |
||
| 245 | 0 | _aChanges in the locational pattern of select Indian industries.1950-65 | |
| 260 | _c1969 | ||
| 650 | _aECONOMICS | ||
| 700 |
_aEconomic and Scientific Research Foundation(New Delhi). _9627567 |
||
| 942 |
_hX9.2.N6, K9 _cTEXL _2cc |
||
| 999 |
_c1034884 _d1034884 |
||